[Event "6th Porticcio Open 2019"]
[Site "Porticcio"]
[Date "2019.07.02"]
[Round "5.3"]
[White "Yankelevich, Lev"]
[Black "Zhigalko, Sergei"]
[Result "1/2-1/2"]
[WhiteElo "2484"]
[BlackElo "2594"]
[Annotator "ChessBase"]
[PlyCount "58"]
[EventDate "2019.06.23"]
[EventType "swiss"]
[EventCountry "FRA"]
[SourceTitle "playchess.com"]
[Source "ChessBase"]
[SourceQuality "1"]
[TimeControl "5400+30"]

1. e4 {[%emt 0:00:00]} c5 {[%emt 0:00:00]} 2. Nf3 {[%emt 0:00:00]} Nc6 {[%emt 0:00:00]} 3. d4 {[%emt 0:00:00]} cxd4 {[%emt 0:00:02]} 4. Nxd4 {[%emt 0:00:00]} Nf6 {[%emt 0:00:06]} 5. Nc3 {[%emt 0:00:00]} e5 {[%emt 0:00:05]} 6. Ndb5 {[%emt 0:00:00]} d6 {[%emt 0:00:06]} 7. Bg5 {[%emt 0:00:00]} a6 {[%emt 0:00:04]} 8. Na3 {[%emt 0:00:00]} b5 {[%emt 0:00:08]} 9. Nd5 {[%emt 0:00:01]} Be7 {[%emt 0:00:21]} 10. Bxf6 {[%emt 0:00:05]} Bxf6 {[%emt 0:00:08]} 11. c3 {[%emt 0:00:04]} Bg5 {[%emt 0:00:58]} 12. Nc2 {[%emt 0:00:05]} Ne7 {[%emt 0:01:15]} 13. h4 {[%emt 0:00:06]} Bh6 {[%emt 0:00:10]} 14. a4 {[%emt 0:00:04]} bxa4 {[%emt 0:00:44]} 15. Ncb4 {[%emt 0:00:03]} O-O {[%emt 0:00:57]} 16. Qxa4 {[%emt 0:00:22]} a5 {[%emt 0:00:55]} 17. Bb5 {[%emt 0:00:15]} Nxd5 {[%emt 0:01:13]} 18. Nxd5 {[%emt 0:00:08]} Be6 {[%emt 0:00:45]} 19. Bc6 {[%emt 0:00:04]} Rb8 {[%emt 0:00:17]} 20. b4 {[%emt 0:00:02]} axb4 {[%emt 0:00:22]} 21. cxb4 {[%emt 0:00:04]} Kh8 {[%emt 0:00:44]} 22. b5 {[%emt 0:00:03]} Bxd5 {[%emt 0:00:42]} 23. Bxd5 {[%emt 0:00:04]} Qb6 {[%emt 0:00:06]} 24. Bc6 {[%emt 0:00:04]} Be3 {[%emt 0:02:20]} 25. fxe3 {[%emt 0:00:03]} Qxe3+ {[%emt 0:00:06]} 26. Kd1 {[%emt 0:00:01]} Qd3+ {[%emt 0:00:11]} 27. Ke1 {[%emt 0:00:02]} Qe3+ {[%emt 0:00:51]} 28. Kd1 {[%emt 0:00:03]} Qd3+ {[%emt 0:00:09]} 29. Ke1 {[%emt 0:00:03]} Qe3+ {[%emt 0:00:15]} 1/2-1/2

[Event "6th Porticcio Open 2019"]
[Site "Porticcio"]
[Date "2019.07.02"]
[Round "5.4"]
[White "Prithu Gupta"]
[Black "Sengupta, Deep"]
[Result "1-0"]
[WhiteElo "2470"]
[BlackElo "2559"]
[Annotator "ChessBase"]
[PlyCount "107"]
[EventDate "2019.06.23"]
[EventType "swiss"]
[EventCountry "FRA"]
[SourceTitle "playchess.com"]
[Source "ChessBase"]
[SourceQuality "1"]
[TimeControl "5400+30"]

1. c4 {[%emt 0:00:00]} e6 {[%emt 0:00:00]} 2. g3 {[%emt 0:00:00]} d5 {[%emt 0:00:00]} 3. Bg2 {[%emt 0:00:00]} Nf6 {[%emt 0:00:00]} 4. Nf3 {[%emt 0:00:00]} Be7 {[%emt 0:00:00]} 5. O-O {[%emt 0:00:02]} O-O {[%emt 0:00:02]} 6. b3 {[%emt 0:00:03]} d4 {[%emt 0:00:48]} 7. e3 {[%emt 0:00:08]} c5 {[%emt 0:00:04]} 8. Ne5 {[%emt 0:00:04]} Nfd7 {[%emt 0:01:41]} 9. exd4 {[%emt 0:01:40]} cxd4 {[%emt 0:00:07]} 10. Nxd7 {[%emt 0:00:04]} Qxd7 {[%emt 0:00:54]} 11. d3 {[%emt 0:00:34]} Nc6 {[%emt 0:00:06]} 12. Na3 {[%emt 0:04:18]} b6 {[%emt 0:03:42]} 13. Nc2 {[%emt 0:00:07]} Bb7 {[%emt 0:00:05]} 14. Bb2 {[%emt 0:00:11]} Rad8 {[%emt 0:01:56]} 15. f4 {[%emt 0:05:28]} a5 {[%emt 0:04:39]} 16. a3 {[%emt 0:03:10]} Rfe8 {[%emt 0:22:36]} 17. Qd2 {[%emt 0:02:19]} f5 {[%emt 0:01:53]} 18. Rfe1 {[%emt 0:06:04]} Bf6 {[%emt 0:00:39]} 19. Re2 {[%emt 0:00:14]} Nb8 {[%emt 0:12:29]} 20. Bxb7 {[%emt 0:01:16]} Qxb7 {[%emt 0:00:02]} 21. Rae1 {[%emt 0:00:09]} Kf7 {[%emt 0:00:40]} 22. b4 {[%emt 0:03:56]} b5 {[%emt 0:03:32]} 23. cxb5 {[%emt 0:08:17]} a4 {[%emt 0:00:07]} 24. g4 {[%emt 0:10:11]} g6 {[%emt 0:06:41]} 25. gxf5 {[%emt 0:06:08]} gxf5 {[%emt 0:00:07]} 26. Rg2 {[%emt 0:00:05]} Rg8 {[%emt 0:00:04]} 27. Ree2 {[%emt 0:00:05]} Qxb5 {[%emt 0:05:01]} 28. Ne1 {[%emt 0:03:51]} Nc6 {[%emt 0:04:06]} 29. Rxg8 {[%emt 0:08:45]} Rxg8+ {[%emt 0:00:06]} 30. Rg2 {[%emt 0:00:03]} Rxg2+ {[%emt 0:06:32]} 31. Qxg2 {[%emt 0:00:15]} Bh4 {[%emt 0:01:35]} 32. Nf3 {[%emt 0:07:10]} Qxd3 {[%emt 0:00:29]} 33. b5 {[%emt 0:00:04]} Qb1+ {[%emt 0:19:05]} 34. Qf1 {[%emt 0:00:02]} Qxb2 {[%emt 0:00:05]} 35. bxc6 {[%emt 0:00:09]} Bd8 {[%emt 0:00:13]} 36. Qc4 {[%emt 0:00:50]} Qb3 {[%emt 0:04:02]} 37. c7 {[%emt 0:01:15]} Qxc4 {[%emt 0:00:51]} 38. cxd8=Q {[%emt 0:00:52]} Qc1+ {[%emt 0:00:03]} 39. Kg2 {[%emt 0:00:09]} Qxf4 {[%emt 0:03:24]} 40. Qxd4 {[%emt 0:02:15]} Qb8 {[%emt 0:01:00]} 41. Qxa4 {[%emt 0:00:44]} Qb2+ {[%emt 0:00:03]} 42. Kh3 {[%emt 0:04:19]} Qc3 {[%emt 0:00:01]} 43. Qa7+ {[%emt 0:00:21]} Kg6 {[%emt 0:00:21]} 44. Qg1+ {[%emt 0:01:03]} Kf7 {[%emt 0:00:06]} 45. Qg3 {[%emt 0:00:04]} Kf6 {[%emt 0:01:37]} 46. a4 {[%emt 0:03:18]} h6 {[%emt 0:00:08]} 47. Qf4 {[%emt 0:02:11]} Ke7 {[%emt 0:00:49]} 48. Kg3 {[%emt 0:00:42]} Qg7+ {[%emt 0:00:05]} 49. Kf2 {[%emt 0:00:05]} Qb2+ {[%emt 0:00:03]} 50. Qd2 {[%emt 0:00:04]} Qa3 {[%emt 0:00:49]} 51. a5 {[%emt 0:01:08]} Qa4 {[%emt 0:00:24]} 52. Nd4 {[%emt 0:02:03]} Kf7 {[%emt 0:01:22]} 53. Qe3 {[%emt 0:00:28]} Qa2+ {[%emt 0:00:04]} 54. Ke1 1-0

[Event "6th Porticcio Open 2019"]
[Site "Porticcio"]
[Date "2019.07.02"]
[Round "5.5"]
[White "Kovchan, Alexander"]
[Black "Debray, Christopher"]
[Result "1/2-1/2"]
[WhiteElo "2566"]
[BlackElo "2352"]
[Annotator "ChessBase"]
[PlyCount "81"]
[EventDate "2019.06.23"]
[EventType "swiss"]
[EventCountry "FRA"]
[SourceTitle "playchess.com"]
[Source "ChessBase"]
[SourceQuality "1"]
[TimeControl "5400+30"]

1. e4 {[%emt 0:00:37]} e5 {[%emt 0:00:00]} 2. Nf3 {[%emt 0:00:23]} Nf6 {[%emt 0:00:00]} 3. Nxe5 {[%emt 0:00:43]} d6 {[%emt 0:00:00]} 4. Nf3 {[%emt 0:00:10]} Nxe4 {[%emt 0:00:00]} 5. d4 {[%emt 0:00:15]} d5 {[%emt 0:00:00]} 6. Bd3 {[%emt 0:00:22]} Nc6 {[%emt 0:00:02]} 7. O-O {[%emt 0:00:27]} Bg4 {[%emt 0:00:03]} 8. c3 {[%emt 0:03:45]} Bd6 {[%emt 0:01:58]} 9. Re1 {[%emt 0:05:21]} f5 {[%emt 0:00:36]} 10. Nbd2 {[%emt 0:02:08]} O-O {[%emt 0:06:10]} 11. Qb3 {[%emt 0:05:22]} Kh8 {[%emt 0:01:26]} 12. h3 {[%emt 0:04:56]} Bh5 {[%emt 0:01:50]} 13. Qxb7 {[%emt 0:01:30]} Rf6 {[%emt 0:04:38]} 14. Kf1 {[%emt 0:05:38]} Bf4 {[%emt 0:13:14]} 15. Nxe4 {[%emt 0:11:43]} fxe4 {[%emt 0:00:15]} 16. Bxf4 {[%emt 0:00:11]} Rxf4 {[%emt 0:04:53]} 17. Qxc6 {[%emt 0:01:15]} exd3 {[%emt 0:06:17]} 18. Re3 {[%emt 0:07:51]} Rf6 {[%emt 0:04:34]} 19. Qb5 {[%emt 0:07:40]} Bxf3 {[%emt 0:00:14]} 20. gxf3 {[%emt 0:00:37]} d2 {[%emt 0:07:07]} 21. Qd3 {[%emt 0:02:52]} Qd7 {[%emt 0:01:58]} 22. Ke2 {[%emt 0:00:24]} Qxh3 {[%emt 0:00:42]} 23. Kxd2 {[%emt 0:05:54]} Raf8 {[%emt 0:02:01]} 24. Rae1 {[%emt 0:08:51]} h6 {[%emt 0:01:34]} 25. Ke2 {[%emt 0:02:23]} Qg2 {[%emt 0:03:38]} 26. b4 {[%emt 0:01:30]} h5 {[%emt 0:05:19]} 27. Kd2 {[%emt 0:08:37]} Rxf3 {[%emt 0:02:39]} 28. Rxf3 {[%emt 0:00:14]} Qxf3 {[%emt 0:00:05]} 29. Qxf3 {[%emt 0:01:04]} Rxf3 {[%emt 0:00:01]} 30. Re5 {[%emt 0:00:33]} g6 {[%emt 0:03:26]} 31. Ke2 {[%emt 0:01:03]} Rxc3 {[%emt 0:00:53]} 32. Rxd5 {[%emt 0:00:03]} Ra3 {[%emt 0:06:54]} 33. Rd8+ {[%emt 0:00:09]} Kg7 {[%emt 0:00:05]} 34. Rd7+ {[%emt 0:00:03]} Kf6 {[%emt 0:00:14]} 35. Rxc7 {[%emt 0:00:03]} Rxa2+ {[%emt 0:00:04]} 36. Kf3 {[%emt 0:00:05]} g5 {[%emt 0:03:21]} 37. Rc6+ {[%emt 0:00:28]} Kf5 {[%emt 0:01:36]} 38. Rc5+ {[%emt 0:00:03]} Kf6 {[%emt 0:00:04]} 39. Rc6+ {[%emt 0:00:13]} Kf5 {[%emt 0:00:04]} 40. Rc5+ {[%emt 0:00:12]} Kf6 {[%emt 0:00:02]} 41. Rc6+ {[%emt 0:00:04] Ke5 Ke4+} 1/2-1/2

[Event "6th Porticcio Open 2019"]
[Site "Porticcio"]
[Date "2019.07.02"]
[Round "5.6"]
[White "Sadhwani, Raunak"]
[Black "Boyer, Mahel"]
[Result "1-0"]
[WhiteElo "2482"]
[BlackElo "2295"]
[Annotator "ChessBase"]
[PlyCount "84"]
[EventDate "2019.06.23"]
[EventType "swiss"]
[EventCountry "FRA"]
[SourceTitle "playchess.com"]
[Source "ChessBase"]
[SourceQuality "1"]
[TimeControl "5400+30"]

1. Nf3 {[%emt 0:00:00]} Nf6 {[%emt 0:00:14]} 2. c4 {[%emt 0:00:00]} e6 {[%emt 0:00:03]} 3. g3 {[%emt 0:00:00]} d5 {[%emt 0:00:03]} 4. Bg2 {[%emt 0:00:00]} Be7 {[%emt 0:00:06]} 5. O-O {[%emt 0:00:00]} O-O {[%emt 0:00:05]} 6. b3 {[%emt 0:00:00]} d4 {[%emt 0:00:34]} 7. e3 {[%emt 0:00:48]} c5 {[%emt 0:00:03]} 8. exd4 {[%emt 0:00:52]} cxd4 {[%emt 0:00:03]} 9. Bb2 {[%emt 0:00:17]} Nc6 {[%emt 0:00:06]} 10. Re1 {[%emt 0:00:05]} Ng4 {[%emt 0:00:08]} 11. h3 {[%emt 0:07:34]} Nh6 {[%emt 0:00:03]} 12. a3 {[%emt 0:01:00]} a5 {[%emt 0:00:05]} 13. Ne5 {[%emt 0:00:36]} Nxe5 {[%emt 0:00:21]} 14. Rxe5 {[%emt 0:00:06]} f6 {[%emt 0:00:10]} 15. Rb5 {[%emt 0:08:45]} e5 {[%emt 0:00:05]} 16. d3 {[%emt 0:00:59]} Ra7 {[%emt 0:09:05]} 17. b4 {[%emt 0:04:04]} Bd7 {[%emt 0:00:53]} 18. Rxb7 {[%emt 0:01:49]} Rxb7 {[%emt 0:00:06]} 19. Bxb7 {[%emt 0:00:04]} Bxh3 {[%emt 0:25:20]} 20. Qa4 {[%emt 0:08:35]} axb4 {[%emt 0:04:27]} 21. axb4 {[%emt 0:00:10]} f5 {[%emt 0:05:40]} 22. Qb5 {[%emt 0:06:42]} f4 {[%emt 0:13:20]} 23. Qd5+ {[%emt 0:12:54]} Qxd5 {[%emt 0:03:48]} 24. Bxd5+ {[%emt 0:00:03]} Kh8 {[%emt 0:00:10]} 25. gxf4 {[%emt 0:03:04]} Ng4 {[%emt 0:09:02]} 26. b5 {[%emt 0:00:42]} Bh4 {[%emt 0:06:55]} 27. Ra8 {[%emt 0:00:35]} Bxf2+ {[%emt 0:00:26]} 28. Kh1 {[%emt 0:00:02]} Rxa8 {[%emt 0:00:13]} 29. Bxa8 {[%emt 0:00:02]} exf4 {[%emt 0:08:18]} 30. Bg2 {[%emt 0:04:10]} Bxg2+ {[%emt 0:00:38]} 31. Kxg2 {[%emt 0:00:03]} Be3 {[%emt 0:01:40]} 32. b6 {[%emt 0:01:13]} Ne5 {[%emt 0:00:05]} 33. b7 {[%emt 0:00:16]} Nc6 {[%emt 0:00:23]} 34. Na3 {[%emt 0:02:56]} Kg8 {[%emt 0:03:59]} 35. Nc2 {[%emt 0:02:52]} Kf7 {[%emt 0:00:26]} 36. Nxe3 {[%emt 0:04:46]} dxe3 {[%emt 0:01:02]} 37. d4 {[%emt 0:00:18]} Nb8 {[%emt 0:04:06]} 38. d5 {[%emt 0:00:12]} Kg6 {[%emt 0:00:23]} 39. c5 {[%emt 0:01:57]} Kf5 {[%emt 0:00:07]} 40. c6 {[%emt 0:00:14]} Ke4 {[%emt 0:00:11]} 41. c7 {[%emt 0:00:19]} f3+ {[%emt 0:00:04]} 42. Kf1 {[%emt 0:00:47]} Kxd5 1-0

[Event "6th Porticcio Open 2019"]
[Site "Porticcio"]
[Date "2019.07.02"]
[Round "5.7"]
[White "Defromont, Benjamin"]
[Black "Kirk, Ezra"]
[Result "0-1"]
[WhiteElo "2218"]
[BlackElo "2428"]
[Annotator "NA"]
[PlyCount "88"]
[EventDate "2019.06.23"]
[EventType "swiss"]
[EventCountry "FRA"]
[SourceTitle "playchess.com"]
[Source "ChessBase"]
[SourceQuality "1"]
[TimeControl "5400+30"]

1. e4 {[%emt 0:01:51]} c5 {[%emt 0:00:00]} 2. Nf3 {[%emt 0:00:06]} Nc6 {[%emt 0:00:00]} 3. Bb5 {[%emt 0:00:06]} g6 {[%emt 0:00:43]} 4. O-O {[%emt 0:00:22]} Bg7 {[%emt 0:00:07]} 5. Re1 {[%emt 0:00:10]} Nf6 {[%emt 0:01:22]} 6. e5 {[%emt 0:00:10]} Nd5 {[%emt 0:00:06]} 7. Nc3 {[%emt 0:00:08]} Nc7 {[%emt 0:00:05]} 8. Bxc6 {[%emt 0:00:05]} dxc6 {[%emt 0:00:04]} 9. Ne4 {[%emt 0:00:09]} b6 {[%emt 0:00:20]} 10. Nf6+ {[%emt 0:00:13]} Kf8 {[%emt 0:00:04]} 11. Ne4 {[%emt 0:00:05]} Bg4 {[%emt 0:03:48]} 12. d3 {[%emt 0:01:15]} Ne6 {[%emt 0:02:18]} 13. Ned2 {[%emt 0:01:18]} g5 {[%emt 0:01:21]} 14. h3 {[%emt 0:07:50]} Bh5 {[%emt 0:01:58]} 15. Ne4 {[%emt 0:02:12]} h6 {[%emt 0:01:09]} 16. Ng3 {[%emt 0:13:39]} Bg6 {[%emt 0:01:43]} 17. b3 {[%emt 0:01:13]} Qd5 {[%emt 0:01:19]} 18. Bb2 {[%emt 0:03:47]} Rd8 {[%emt 0:06:29]} 19. a4 {[%emt 0:01:27]} Nf4 {[%emt 0:14:21]} 20. Re3 {[%emt 0:07:45]} Kg8 {[%emt 0:15:30]} 21. Ne2 {[%emt 0:03:49]} Ne6 {[%emt 0:05:38]} 22. Qf1 {[%emt 0:10:13]} h5 {[%emt 0:07:29]} 23. h4 {[%emt 0:06:18]} g4 {[%emt 0:04:42]} 24. Ng5 {[%emt 0:01:25]} Nxg5 {[%emt 0:00:46]} 25. hxg5 {[%emt 0:01:54]} Qe6 {[%emt 0:00:42]} 26. d4 {[%emt 0:12:18]} Qf5 {[%emt 0:01:38]} 27. dxc5 {[%emt 0:02:29]} bxc5 {[%emt 0:00:36]} 28. Rc3 {[%emt 0:00:58]} Qxe5 {[%emt 0:10:45]} 29. Rd3 {[%emt 0:01:24]} Qc7 {[%emt 0:00:03]} 30. Rxd8+ {[%emt 0:00:42]} Qxd8 {[%emt 0:00:05]} 31. Bxg7 {[%emt 0:01:45]} Kxg7 {[%emt 0:00:04]} 32. Qe1 {[%emt 0:05:17]} e5 {[%emt 0:04:29]} 33. Qc3 {[%emt 0:03:22]} Qxg5 {[%emt 0:00:08]} 34. Qxc5 {[%emt 0:00:03]} h4 {[%emt 0:00:49]} 35. Qxa7 {[%emt 0:02:01]} Bxc2 {[%emt 0:04:21]} 36. Qc5 {[%emt 0:03:08]} Bd3 {[%emt 0:02:39]} 37. Re1 {[%emt 0:01:54]} g3 {[%emt 0:04:01]} 38. f4 {[%emt 0:01:59]} Qf5 {[%emt 0:00:52]} 39. Nc1 {[%emt 0:02:13]} Be4 {[%emt 0:01:13]} 40. Qe3 {[%emt 0:01:00]} Rd8 {[%emt 0:00:32]} 41. fxe5 {[%emt 0:00:31]} Qxe5 {[%emt 0:00:33]} 42. Kf1 {[%emt 0:01:42]} h3 {[%emt 0:01:29]} 43. gxh3 {[%emt 0:00:26]} Qf5+ {[%emt 0:01:16]} 44. Ke2 {[%emt 0:00:41]} Qh5+ {[%emt 0:00:12]} 0-1

[Event "6th Porticcio Open 2019"]
[Site "Porticcio"]
[Date "2019.07.02"]
[Round "5.8"]
[White "Can, Isik"]
[Black "Soubirou, Oriane"]
[Result "1-0"]
[WhiteElo "2379"]
[BlackElo "2129"]
[Annotator "ChessBase"]
[PlyCount "63"]
[EventDate "2019.06.23"]
[EventType "swiss"]
[EventCountry "FRA"]
[SourceTitle "playchess.com"]
[Source "ChessBase"]
[SourceQuality "1"]
[TimeControl "5400+30"]

1. e4 {[%emt 0:00:00]} g6 {[%emt 0:02:03]} 2. d4 {[%emt 0:00:00]} Nf6 {[%emt 0:00:07]} 3. e5 {[%emt 0:00:00]} Nh5 {[%emt 0:00:07]} 4. Nf3 {[%emt 0:00:00]} d6 {[%emt 0:00:28]} 5. Bc4 {[%emt 0:00:00]} d5 {[%emt 0:00:54]} 6. Bb3 {[%emt 0:00:02]} Ng7 {[%emt 0:01:46]} 7. c4 {[%emt 0:05:54]} c6 {[%emt 0:01:48]} 8. Nc3 {[%emt 0:01:14]} dxc4 {[%emt 0:03:00]} 9. Bxc4 {[%emt 0:00:06]} Ne6 {[%emt 0:00:16]} 10. Be3 {[%emt 0:03:15]} Bg7 {[%emt 0:03:46]} 11. h4 {[%emt 0:02:24]} h6 {[%emt 0:01:01]} 12. Qd2 {[%emt 0:01:53]} Na6 {[%emt 0:06:08]} 13. O-O-O {[%emt 0:10:15]} Nac7 {[%emt 0:01:19]} 14. Kb1 {[%emt 0:05:13]} b5 {[%emt 0:05:49]} 15. Bd3 {[%emt 0:02:00]} b4 {[%emt 0:04:40]} 16. Ne4 {[%emt 0:02:09]} Nd5 {[%emt 0:00:52]} 17. Rc1 {[%emt 0:01:54]} b3 {[%emt 0:12:15]} 18. a3 {[%emt 0:03:38]} Qb6 {[%emt 0:01:49]} 19. Nc5 {[%emt 0:00:46]} a5 {[%emt 0:03:19]} 20. Be4 {[%emt 0:02:37]} Nec7 {[%emt 0:07:22]} 21. Qd3 {[%emt 0:03:18]} Bf8 {[%emt 0:11:21]} 22. Qxb3 {[%emt 0:02:41]} Rb8 {[%emt 0:02:55]} 23. Qxb6 {[%emt 0:00:41]} Rxb6 {[%emt 0:00:12]} 24. Bd2 {[%emt 0:00:54]} Nb5 {[%emt 0:01:39]} 25. a4 {[%emt 0:01:46]} Na7 {[%emt 0:00:06]} 26. Bxa5 {[%emt 0:00:04]} Rb8 {[%emt 0:00:10]} 27. e6 {[%emt 0:04:17]} f5 {[%emt 0:01:30]} 28. Bxd5 {[%emt 0:00:25]} cxd5 {[%emt 0:00:04]} 29. Nd7 {[%emt 0:03:28]} Rb7 {[%emt 0:01:20]} 30. Rc5 {[%emt 0:00:34]} Bxd7 {[%emt 0:01:24]} 31. exd7+ {[%emt 0:00:06]} Kxd7 {[%emt 0:01:17]} 32. Rhc1 {[%emt 0:00:04]} 1-0

[Event "6th Porticcio Open 2019"]
[Site "Porticcio"]
[Date "2019.07.03"]
[Round "6.1"]
[White "Donchenko, Alexander"]
[Black "Prithu Gupta"]
[Result "1/2-1/2"]
[WhiteElo "2618"]
[BlackElo "2470"]
[Annotator "TA"]
[PlyCount "77"]
[EventDate "2019.06.23"]
[EventType "swiss"]
[EventCountry "FRA"]
[SourceTitle "playchess.com"]
[Source "ChessBase"]
[SourceQuality "1"]

{[%evp 15,77,0,7,4,0,0,39,35,42,16,41,22,62,12,10,6,24,16,13,19,16,12,14,11,25,15,18,10,12,12,24,24,26,25,27,26,35,11,29,0,0,-6,-8,-8,-8,-8,-9,-8,0,0,0,0,0,0,0,0,0,0,0,0,0,0,0,0]} 1. d4 Nf6 2. c4 e6 3. Nc3 Bb4 4. Qc2 d5 5. a3 Bxc3+ 6. Qxc3 O-O 7. Nf3 dxc4 8. Qxc4 b6 9. Bg5 {E36: Nimzo-Indian: Classical: 4...d5 5 a3} Ba6 10. Qa4 Qd5 $146 (10... h6 $5 {[%cal Rh6g5]} 11. Bh4 Qd7 $11) (10... c5 11. dxc5 bxc5 12. Rc1 Qb6 13. Bxf6 gxf6 14. Rc2 Rd8 15. e3 Bxf1 16. Rxf1 Nc6 {½-½ (26) Lenderman,A (2637)-Sevian,S (2642) Saint Louis 2019}) 11. Bxf6 {White is slightly better.} gxf6 12. Rc1 Rc8 13. g3 Qe4 14. Qc2 (14. h4 {keeps more tension.} c5 15. h5 Bb7 16. Bg2 Qc6 17. Qc2) 14... Qxc2 15. Rxc2 Bb7 16. Bg2 Nd7 17. O-O c5 18. Rfc1 Rd8 19. Rc3 Rac8 20. e3 Kf8 21. h4 Ke7 22. dxc5 {[#] Black must now prevent c6.} Rxc5 23. Nd4 Bxg2 24. Kxg2 {And now Rxc5 would win.} Rdc8 25. Rxc5 bxc5 $11 {[%mdl 4096] Endgame KRN-KRN} 26. Rc2 Ne5 27. Nb3 Nd3 {[#] ...Ne1+ is the strong threat.The position is equal.} 28. Kf1 Rb8 $1 {[%cal Rb8b3]} 29. Nxc5 Rxb2 30. Rxb2 Nxb2 {KN-KN} 31. Ke2 Nc4 32. a4 Kd6 33. Ne4+ Ke5 34. Nc3 a5 35. Kd3 Nb2+ 36. Kc2 Nc4 37. Kd3 Nb2+ 38. Kc2 Nc4 39. Kd3 {Accuracy: White = 60%, Black = 59%.} 1/2-1/2

[Event "6th Porticcio Open 2019"]
[Site "Porticcio"]
[Date "2019.07.03"]
[Round "6.2"]
[White "Zhigalko, Sergei"]
[Black "Lagarde, Maxime"]
[Result "1/2-1/2"]
[WhiteElo "2594"]
[BlackElo "2599"]
[Annotator "ChessBase"]
[PlyCount "96"]
[EventDate "2019.06.23"]
[EventType "swiss"]
[EventCountry "FRA"]
[SourceTitle "playchess.com"]
[Source "ChessBase"]
[SourceQuality "1"]
[TimeControl "5400+30"]

1. e4 {[%emt 0:00:00]} c5 {[%emt 0:03:21]} 2. Nf3 {[%emt 0:00:00]} e6 {[%emt 0:00:03]} 3. c3 {[%emt 0:00:19]} d5 {[%emt 0:00:05]} 4. exd5 {[%emt 0:00:58]} exd5 {[%emt 0:00:03]} 5. d4 {[%emt 0:00:27]} Nf6 {[%emt 0:01:56]} 6. Bb5+ {[%emt 0:00:29]} Bd7 {[%emt 0:00:50]} 7. Bxd7+ {[%emt 0:01:02]} Nbxd7 {[%emt 0:00:04]} 8. O-O {[%emt 0:01:00]} Be7 {[%emt 0:00:04]} 9. Qb3 {[%emt 0:12:11]} Qc7 {[%emt 0:10:18]} 10. Re1 {[%emt 0:04:03]} c4 {[%emt 0:02:31]} 11. Qa4 {[%emt 0:05:50]} a6 {[%emt 0:03:20]} 12. Bg5 {[%emt 0:01:54]} b5 {[%emt 0:06:01]} 13. Qc2 {[%emt 0:02:02]} Qd6 {[%emt 0:12:09]} 14. Qe2 {[%emt 0:11:51]} Nf8 {[%emt 0:04:15]} 15. Nh4 {[%emt 0:04:05]} g6 {[%emt 0:05:31]} 16. Qf3 {[%emt 0:00:13]} O-O-O {[%emt 0:08:34]} 17. Nd2 {[%emt 0:25:04]} h6 {[%emt 0:02:03]} 18. Bf4 {[%emt 0:00:10]} Qd7 {[%emt 0:00:08]} 19. a4 {[%emt 0:01:40]} Ne6 {[%emt 0:03:35]} 20. Bg3 {[%emt 0:08:45]} Ng5 {[%emt 0:06:52]} 21. Qf4 {[%emt 0:04:44]} Kb7 {[%emt 0:00:31]} 22. axb5 {[%emt 0:02:03]} axb5 {[%emt 0:00:10]} 23. Ra5 {[%emt 0:01:38]} Ne6 {[%emt 0:03:12]} 24. Qe3 {[%emt 0:04:34]} Ra8 {[%emt 0:01:00]} 25. Rxa8 {[%emt 0:01:11]} Rxa8 {[%emt 0:00:03]} 26. Nhf3 {[%emt 0:01:08]} Ra6 {[%emt 0:04:22]} 27. Ne5 {[%emt 0:00:25]} Qe8 {[%emt 0:00:05]} 28. Qxh6 {[%emt 0:00:20]} Nh5 {[%emt 0:05:43]} 29. Ndf3 {[%emt 0:03:45]} b4 {[%emt 0:01:11]} 30. Qh7 {[%emt 0:00:30]} Nhg7 {[%emt 0:00:56]} 31. h3 {[%emt 0:02:24]} b3 {[%emt 0:00:09]} 32. Nxc4 {[%emt 0:00:24]} dxc4 {[%emt 0:00:05]} 33. d5 {[%emt 0:00:01]} Bf6 {[%emt 0:01:49]} 34. dxe6 {[%emt 0:00:43]} Rxe6 {[%emt 0:00:14]} 35. Rxe6 {[%emt 0:00:45]} Nxe6 {[%emt 0:01:00]} 36. Kh2 {[%emt 0:00:48]} Nc5 {[%emt 0:05:01]} 37. Nd2 {[%emt 0:00:02]} Qe6 {[%emt 0:00:05]} 38. Qg8 {[%emt 0:00:09]} Be5 {[%emt 0:00:12]} 39. Qd8 {[%emt 0:00:25]} Bxg3+ {[%emt 0:01:18]} 40. fxg3 {[%emt 0:00:01]} Na4 {[%emt 0:03:15]} 41. Ne4 {[%emt 0:01:38]} Qxe4 {[%emt 0:00:47]} 42. Qd7+ {[%emt 0:00:01]} Kb6 {[%emt 0:00:25]} 43. Qxa4 {[%emt 0:00:02]} Qe2 {[%emt 0:00:12]} 44. Qd7 {[%emt 0:01:42]} Qxb2 {[%emt 0:00:37]} 45. Qd6+ {[%emt 0:00:07]} Kb7 {[%emt 0:00:07]} 46. Qd7+ {[%emt 0:00:09]} Kb6 {[%emt 0:00:03]} 47. Qd6+ {[%emt 0:00:10]} Kb7 {[%emt 0:00:03]} 48. Qd7+ {[%emt 0:00:04]} Kb6 1/2-1/2

[Event "6th Porticcio Open 2019"]
[Site "Porticcio"]
[Date "2019.07.03"]
[Round "6.3"]
[White "Kirk, Ezra"]
[Black "Yankelevich, Lev"]
[Result "1-0"]
[WhiteElo "2428"]
[BlackElo "2484"]
[Annotator "ChessBase"]
[PlyCount "59"]
[EventDate "2019.06.23"]
[EventType "swiss"]
[EventCountry "FRA"]
[SourceTitle "playchess.com"]
[Source "ChessBase"]
[SourceQuality "1"]
[TimeControl "5400+30"]

1. e4 {[%emt 0:04:51]} e5 {[%emt 0:00:00]} 2. Nf3 {[%emt 0:00:05]} Nc6 {[%emt 0:00:00]} 3. Bc4 {[%emt 0:00:12]} Nf6 {[%emt 0:00:18]} 4. d3 {[%emt 0:00:10]} Bc5 {[%emt 0:00:07]} 5. O-O {[%emt 0:00:37]} d6 {[%emt 0:00:06]} 6. c3 {[%emt 0:00:35]} a6 {[%emt 0:00:04]} 7. Bb3 {[%emt 0:00:45]} Ba7 {[%emt 0:00:10]} 8. Nbd2 {[%emt 0:02:55]} O-O {[%emt 0:00:19]} 9. h3 {[%emt 0:01:13]} h6 {[%emt 0:01:39]} 10. Re1 {[%emt 0:00:28]} Re8 {[%emt 0:00:06]} 11. Nf1 {[%emt 0:00:19]} Be6 {[%emt 0:00:02]} 12. N3h2 {[%emt 0:00:48]} Bxb3 {[%emt 0:04:33]} 13. axb3 {[%emt 0:01:16]} Ne7 {[%emt 0:08:33]} 14. Ng3 {[%emt 0:02:44]} Ng6 {[%emt 0:02:28]} 15. Ng4 {[%emt 0:02:50]} Nxg4 {[%emt 0:00:27]} 16. Qxg4 {[%emt 0:03:24]} Qh4 {[%emt 0:01:12]} 17. Qf3 {[%emt 0:07:00]} Kh7 {[%emt 0:03:24]} 18. Be3 {[%emt 0:12:55]} Bxe3 {[%emt 0:02:06]} 19. fxe3 {[%emt 0:00:16]} Qg5 {[%emt 0:00:20]} 20. Kh2 {[%emt 0:04:26]} Nh4 {[%emt 0:01:59]} 21. Qf2 {[%emt 0:03:17]} Rad8 {[%emt 0:02:53]} 22. Rf1 {[%emt 0:04:00]} Re7 {[%emt 0:00:07]} 23. Qe2 {[%emt 0:04:21]} Rdd7 {[%emt 0:08:32]} 24. Rf2 {[%emt 0:08:47]} Re6 {[%emt 0:17:02]} 25. Raf1 {[%emt 0:01:53]} Rg6 {[%emt 0:03:34]} 26. Nh5 {[%emt 0:02:21]} Re6 {[%emt 0:02:29]} 27. g3 {[%emt 0:01:35]} Ng6 {[%emt 0:03:19]} 28. Rxf7 {[%emt 0:04:33]} Rxf7 {[%emt 0:01:29]} 29. Rxf7 {[%emt 0:00:11]} Re7 {[%emt 0:00:36]} 30. Rf5 {[%emt 0:00:53]} 1-0